|
|
|
|
| LEADER |
01021nam a2200265 a 4500 |
| 001 |
332891 |
| 008 |
091107s1975 enk b 001 0 eng d |
| 010 |
|
|
|a \\\75324798
|
| 020 |
|
|
|a 0710081685.
|
| 020 |
|
|
|a 0710081693 (pbk.)
|
| 040 |
|
|
|a DLC
|c DLC
|d DLC
|
| 082 |
0 |
0 |
|a 335.4/12
|2 18
|
| 100 |
1 |
|
|a Hindess, Barry.
|
| 245 |
1 |
0 |
|a Pre-capitalist modes of production /
|c Barry Hindess and Paul Q. Hirst.
|
| 260 |
|
|
|a London ;
|a Boston :
|b Routledge and K. Paul,
|c 1975.
|
| 300 |
|
|
|a vi, 354 p. ;
|c 22 cm.
|
| 504 |
|
|
|a Includes bibliographical references (p. [342]-347) and index.
|
| 541 |
1 |
|
|e 00001678
|
| 650 |
|
0 |
|a Marxian economics.
|
| 650 |
|
0 |
|a Production (Economic theory)
|
| 650 |
|
0 |
|a Economic history.
|
| 700 |
1 |
|
|a Hirst, Paul Q.,
|e joint author.
|
| 852 |
4 |
|
|a Ayesha Abed Library
|j General shelf
|
| 999 |
|
|
|c 5152
|d 5152
|
| 952 |
|
|
|0 0
|1 0
|2 ddc
|4 0
|6 335_412000000000000_HIN_1975
|7 0
|9 5005
|a BRACUL
|b BRACUL
|c GEN
|d 2009-11-07
|g 0.00
|l 0
|o 335.412 HIN
|p 3010001678
|r 2024-12-05
|t 1
|w 2009-11-07
|y BK
|x No price found in the accession register.
|